Spolok absolventov a priateľov FEI STU - EF SVŠT. Ročenka 2006

Uložené v:
Podrobná bibliografia
Médium: Kniha
Jazyk:Slovak
Vydavateľské údaje: Bratislava : STU v Bratislave, 2006
Predmet:
Tagy: Pridať tag
Žiadne tagy, Buďte prvý, kto otaguje tento záznam!

MARC

LEADER 00000nam a22000003a 4500
001 stu172758
005 20150408163708.4
008 081015s2005----xo------------------slo-d
040 |a STU  |b slo 
041 0 |a slo 
044 |a xo 
080 |a 378.6(437.6-25) 
080 |a 378.3(058) 
245 |a Spolok absolventov a priateľov FEI STU - EF SVŠT. Ročenka 2006 
260 |a Bratislava :  |b STU v Bratislave,  |c 2006 
300 |a 199 s 
650 7 |a absolventi  |2 stusub 
650 7 |a spolky  |2 stusub 
996 |b 284EO00121  |c E*O-121  |l EE0102  |s P  |a 0  |w stu172758_0001